00250nam a22000977a 450000500170000000800410001702200140005824500390007225000140011126000270012520180927141815.0180927b xxu||||| |||| 00| 0 eng d a2278-5736 aIOSR Journal of Applied Chemistry  aVolume 11 aGaziabadbIOSR Journal